Podnikanie s peniazmi vyžaduje obozretnosť

Riaditeľka úseku riadenia likvidity Slovenskej sporiteľne, a.s. Bratislava (SLSP) o zásadných zmenách v činnosti bánk, opatreniach NBS v SLSP, o ochrane pred rizikami možných strát. Požiadavka kapitálovej primeranosti bánk a jej účel, faktory, ktoré ju ovplyvňujú. Opatrenia NBS o úverovej angažovano...

Ausführliche Beschreibung

Gespeichert in:
Bibliographische Detailangaben
1. Verfasser: Škvrndová, M.
Weitere Verfasser: Kuček, M.
Format: Buchkapitel
Sprache:Slowakisch
Schlagworte:
Tags: Tag hinzufügen
Keine Tags, Fügen Sie das erste Tag hinzu!

MARC

LEADER 00000naa a2200000 4500
001 r017087
005 20221213095853.3
041 0 |a slo 
044 |a SK 
245 1 0 |a Podnikanie s peniazmi vyžaduje obozretnosť  |c M. Škvrndová, M. Kuček 
520 |a Riaditeľka úseku riadenia likvidity Slovenskej sporiteľne, a.s. Bratislava (SLSP) o zásadných zmenách v činnosti bánk, opatreniach NBS v SLSP, o ochrane pred rizikami možných strát. Požiadavka kapitálovej primeranosti bánk a jej účel, faktory, ktoré ju ovplyvňujú. Opatrenia NBS o úverovej angažovanosti. Regulácia menových pozícií bánk. 
610 2 0 |a Slovensko 
610 2 0 |a 1995 
610 2 0 |a Slovenská sporiteľňa, a.s. Bratislava 
610 2 0 |a sporiteľne 
610 2 0 |a podnikanie 
610 2 0 |a banky 
610 2 0 |a riziko 
610 2 0 |a NBS Bratislava 
100 1 |a Škvrndová, M. 
700 1 |a Kuček, M.